000 00428nam a2200181 i 4500
001 bg
100 1 _aCUBE, Hans Ludwig
245 0 _aWärmepumpen /
_cHans Ludwig Cube, Fritz Steimle.
260 _aDüseldorf,
_c1978.
700 1 _aSTEIMLE, Fritz
020 _a3184003450
040 _cBPK
041 _apol
080 _a621.577
920 _a3-18-400345-0
942 _cKS
008 s pl f |000 0 pol
999 _c18590
_d18590
856 _uhttp://koha.tu.koszalin.pl/cgi-bin/koha/opac-detail.pl?biblionumber=18590
_yKatalog online BPK